Statistics for US States with an Empty Map

Click here to take the quiz!

General Stats

  • This quiz has been taken 141,882 times
  • The average score is 44 of 50

Answer Stats

State % Correct
California
98%
New York
97%
Texas
97%
Washington
96%
Florida
95%
Nevada
94%
North Dakota
94%
New Mexico
94%
Alabama
94%
South Dakota
93%
South Carolina
92%
Arizona
92%
North Carolina
92%
Oregon
91%
Georgia
91%
Idaho
91%
Colorado
90%
Maine
90%
Virginia
90%
Ohio
90%
Mississippi
90%
Alaska
90%
Utah
90%
Kansas
89%
Hawaii
89%
Michigan
89%
Arkansas
89%
Illinois
89%
West Virginia
88%
Montana
88%
Louisiana
88%
Tennessee
87%
Kentucky
87%
New Jersey
87%
Wyoming
87%
Oklahoma
86%
Pennsylvania
86%
Vermont
85%
Indiana
85%
Rhode Island
84%
Maryland
84%
New Hampshire
84%
Iowa
84%
Minnesota
83%
Missouri
83%
Nebraska
83%
Delaware
83%
Wisconsin
82%
Massachusetts
81%
Connecticut
80%

Score Distribution

Percentile by Number Answered

Percent of People with Each Score

Your Score History

You have not taken this quiz